Statistiques concernant Si près - Il était une fois (Paroles)

Cliquez ici pour prendre le quiz!

Statistiques générales

  • Ce quiz a été pris 68 fois
  • Le résultat moyen est 126 sur 143

Statistiques - réponses

Paroles% Correct
De
100%
de
100%
je
100%
Je
100%
pour
100%
si
100%
Si
100%
au
98%
et
98%
Et
98%
98%
la
98%
La
98%
loin
98%
Mais
98%
près
98%
prés
98%
fois
96%
le
96%
me
96%
ne
96%
On
96%
plus
96%
Pourtant
96%
pourtant
96%
première
96%
te
96%
toi
96%
ce
93%
Du
93%
En
93%
en
93%
moi
93%
tes
93%
Tes
93%
tu
93%
Tu
93%
dans
91%
es
91%
mes
91%
Que
91%
Alors
89%
bras
89%
Jamais
89%
les
89%
peu
89%
rêve
89%
rêvé
89%
cœur
87%
suis
87%
Un
87%
un
87%
y
87%
croire
84%
crois
84%
dis
84%
fort
84%
j'ai
84%
jour
84%
leur
84%
musique
84%
personne
84%
voit
84%
Encore
82%
inconnu
82%
peux
82%
prince
82%
rêves
82%
Seuls
82%
tous
82%
blues
80%
déjà
80%
donne
80%
revoir
80%
soir
80%
chemin
78%
J'oublie
78%
n'aurais
78%
plane
78%
prendrais
78%
Aimer
76%
destin
76%
deux
76%
comme
73%
cru
73%
savais
73%
comment
71%
D'être
71%
m'aimer
71%
perdais
71%
forcer
69%
j'attendais
69%
L'amour
69%
Serrée
69%
d'espoir
67%
n'abandonne
67%
sans
67%
amour
64%
garder
64%
fin
62%
Oh
62%
serre-moi
62%
auprès
60%
D'un
58%

Distribution des résultats

Percentile par nombre de réponses

% des personnes avec chaque résultat

Votre développement - résultats

Vous n’avez pas pris ce quiz